Hóa học vô cơ T.2 Các nguyên tố hóa học điển hình
v..v
Đã lưu trong:
| Tác giả chính: | |
|---|---|
| Định dạng: | Sách |
| Năm xuất bản: |
H.
Giáo dục
1994
|
| Chủ đề: | |
| Tags: |
Thêm thẻ
Không có thẻ, Hãy là người đầu tiên gắn thẻ bản ghi này!
|
| LEADER | 01188nam a2200193 4500 | ||
|---|---|---|---|
| 082 | |a 546 |b H407NH | ||
| 100 | |a Hoàng Nhâm | ||
| 245 | |a Hóa học vô cơ |c Hoàng Nhâm |n T.2 |p Các nguyên tố hóa học điển hình | ||
| 260 | |a H. |b Giáo dục |c 1994 | ||
| 300 | |a 263 tr |c 27 cm | ||
| 520 | |a v..v | ||
| 653 | |a Hóa học | ||
| 653 | |a Hóa học vô cơ | ||
| 942 | |2 ddc |c STK0 | ||
| 999 | |c 7382 |d 7382 | ||
| 952 | |0 0 |1 0 |2 ddc |4 0 |6 546_000000000000000_H407NH |7 0 |8 500 |9 67532 |a qbu |b qbu |c D3 |d 2015-02-10 |g 35000 |o 546 H407NH |p 7170.c1 |r 0000-00-00 |w 2015-02-10 |y STK0 |0 0 |6 546_000000000000000_H407NH | ||
| 952 | |0 0 |1 0 |2 ddc |4 0 |6 546_000000000000000_H407NH |7 0 |8 500 |9 67533 |a qbu |b qbu |c D3 |d 2015-02-10 |g 35000 |l 7 |m 4 |o 546 H407NH |p 7170.c2 |r 2018-08-27 |s 2018-08-23 |w 2015-02-10 |y STK0 |0 0 |6 546_000000000000000_H407NH | ||
| 952 | |0 0 |1 0 |2 ddc |4 0 |6 546_000000000000000_H407NH |7 0 |8 500 |9 97529 |a qbu |b qbu |c D3 |d 2015-11-03 |g 35000 |l 4 |m 4 |o 546 H407NH |p 7170.c3 |r 2018-09-05 |s 2018-08-23 |w 2015-11-03 |y STK0 |0 0 |6 546_000000000000000_H407NH | ||
| 952 | |0 0 |1 0 |2 ddc |4 0 |6 546_000000000000000_H407NH |7 0 |8 500 |9 97530 |a qbu |b qbu |c D3 |d 2015-11-03 |g 35000 |l 4 |m 2 |o 546 H407NH |p 7170.c4 |r 2018-09-06 |s 2018-08-23 |w 2015-11-03 |y STK0 |0 0 |6 546_000000000000000_H407NH | ||